000 00848nas a2200277 4500
001 BR2017001114
003 BR-BrBNA
005 20231205130918.0
007 ta
008 230509b bl.|||p| |||| 00| 00por d
040 _aBR-BrBNA
_bpor
_cBiblioteca Nacional de Agricultura
041 _a(En)
072 _aP33; F08
100 1 _aSeben Junior, G. de F.
100 1 _aCorá, J.E.
100 1 _aLal, R.
245 1 _aPhysical quality of an oxisol under no-tillage subjected to different cropping systems
650 _aLATOSSOLO
650 _aQUALIDADE
650 _aFÍSICA
650 _aPLANTIO DIRETO
650 _aROTAÇÃO DE CULTURA
773 0 _tPesquisa Agropecuária Brasileira (Brazil)
_xISSN 0100-204X
_g(Sep 2016), v. 51(9) p. 1568-1574
_wBR2017001114
909 _a202311
_bLúcia
_c55
_dLúcia Elande
942 _2AGRIS
_n0
_cANA
999 _c252000
_d252000